| 000 | 00463 a2200133 4500 | ||
|---|---|---|---|
| 001 | ART_7230 | ||
| 005 | 20260410161700.0 | ||
| 008 | 260409a | ||
| 245 | 1 | 0 | _aEfectos de la estructura productiva desequilibrada y de los esquemas cambiarios sobre el ciclo del empleo en la Argentina |
| 100 | 1 | _aPanigo, Demián Tupac | |
| 700 | 1 | _aChena, Pablo | |
| 700 | 1 | _aGárriz, Ana | |
| 773 | 0 |
_tEnsayos Económicos _g- Nº 59 (jul./sep. 2010) _wREV620 |
|
| 999 |
_c15074 _d15074 |
||